| 000 | 00619nam a2200241Ia 4500 | ||
|---|---|---|---|
| 008 | 160819s9999 xx 000 0 und d | ||
| 020 | _a978-1-84476-290-3 | ||
| 050 | _aCUL TX 714 | ||
| 050 | _b.F54 2006 | ||
| 100 | _aFleetwood, Jenni. | ||
| 245 | _aBest-loved main courses for special occasions / | ||
| 245 | _cJenni Fleetwood. | ||
| 260 | _aLondon : | ||
| 260 | _bSouthwater, | ||
| 260 | _c2006 | ||
| 300 | _a128 pages : | ||
| 300 | _bcolor illustrations ; | ||
| 300 | _c30 cm. | ||
| 500 | _aIncludes index. | ||
| 650 | _aCooking. | ||
| 650 | _aEntrees (Cooking). | ||
| 650 | _xDinners and dining. | ||
| 999 |
_c300737 _d300737 |
||